La imagen y el ojo: nuevos estudios sobre la psicologia de la representacion pictorica
Guardat en:
| Autor principal: | |
|---|---|
| Format: | Llibre |
| Idioma: | espanyol |
| Publicat: |
Madrid
Alianza
1987
|
| Matèries: | |
| Etiquetes: |
Afegir etiqueta
Sense etiquetes, Sigues el primer a etiquetar aquest registre!
|
MARC
| LEADER | 00000nam a2200000 a 4500 | ||
|---|---|---|---|
| 001 | UCV9250 | ||
| 003 | CL-VaPUC | ||
| 008 | 920722e19870000SP |||||||||||||||||spa|d | ||
| 082 | 0 | 4 | |a 701.15 |b GOM |2 21 |
| 100 | |a Gombrich, Ernst Hans |e autor |9 598146 | ||
| 245 | 1 | 3 | |a La imagen y el ojo: nuevos estudios sobre la psicologia de la representacion pictorica |
| 300 | |a 302 p | ||
| 942 | |c BK | ||
| 945 | |d 19920722 00:00:00 | ||
| 260 | |a Madrid |b Alianza |c 1987 | ||
| 650 | 7 | |a PERCEPCION DE CUADROS |2 CL-VaPUC |9 267853 | |
| 650 | 0 | |a Aspectos psicológicos |9 258128 | |
| 650 | 0 | |a Percepción visual |9 267039 | |
| 583 | |a last modification |c 19920722 00:00:00 |k Rodrigo Vera | ||
| 999 | |c 214617 |d 214615 | ||
| 952 | |0 0 |1 0 |4 0 |6 701_150000000000000_GOM_1987 |7 0 |8 A |9 198188 |a BIBARQ |b BIBARQ |d 2019-11-14 |i 2657317 |o 701.15 GOM 1987 |p 2657317 |r 2025-01-20 |w 2019-11-14 |y BK |k ARQ | ||